000 00369nam a2200109 4500
245 _aGemorphology in arid regions.
_cedited by Donald O. Doehring
710 _aDoehring, Donald O
260 _aLondon
_bGeorge Allen & Unwin
_cc1980
300 _a272p. fig. maps. ; 20cm
490 _aBinghamton symposia in geomorphology International series, no.8.
082 _a551.4
_b DOE
999 _c3564
_d3564